00748nam a22002177a 45000050016000000100015000160200025000310200022000560350013000780370013000910820011001041000026001152450065001412600038002062700056002443000022003006500032003229420025003549990017003799520134003962010082105175.0 aENG-101164 a9788177355840c70.00 a8177355848c70.00 aEN-84697 bDBAD/PUB a954.31 aVelayutham, R.917065 aHistory of Sethupathis of Ramanathapuram /cby R.Velayutham aChennaibPavai Publicationsc2008 a142,Jani Jan Khan Road, RoyapettahbChennaie6000141 a132p.c20cm (pbk) aHistory zTamil Nadu917066 2ddccENh954.31mVEL c42898d42898 001040718NFICaDBADbDBADd2010-08-21eDBAD/PUBg70.00l0o954.31 VELpEN-84697r2010-08-21 00:00:00t1v70.00w2010-08-21yEN